000 01021nam a2200289 a 4500
001 66771
003 BD-RjUL
005 20211209081557.0
008 900427s1991 nyu b 001 0 eng
020 _a0387973575 (New York)
020 _a0354073575 (Berlin)
035 _a(BD-RjUL)66902)
040 _aDLC
_cDLC
_dDLC
_dBD-RjUL
_beng
041 _aeng
082 _223
_a530.124
_bWES 1991
100 1 _aWeder, Ricardo.
_9197671
245 1 0 _aSpectral and scattering theory for wave propagation in perturbed stratified media /
_cRicardo Weder.
260 _aNew York :
_bSpringer-Verlag,
_cc1991.
300 _a188 p. ;
_c25 cm.
490 1 _aApplied mathematical sciences ;
_vv. 87
504 _aIncludes bibliographical references (p. 182-185) and index.
650 0 _aWave-motion, Theory of.
_9197672
650 0 _aSpectral theory (Mathematics)
_9197673
650 0 _aScattering (Physics)
_919737
830 0 _aApplied mathematical sciences (Springer-Verlag New York Inc.) ;
_vv. 87.
_922191
942 _2ddc
_cBK
999 _c66771
_d66771